|
|
|
|
| LEADER |
00000nab a2200000ua 4500 |
| 001 |
vtls010844508 |
| 003 |
SK-MaSNL |
| 005 |
20260303135850.0 |
| 008 |
230218s1958 xo |||||||||||||||||slo| |
| 035 |
|
|
|a (urnnbn)urn:nbn:sk:snk:ar-a0732t
|
| 035 |
|
|
|a urn:nbn:sk:snk-ab66cj
|
| 035 |
|
|
|a (uuid)35eb2d01-9217-4a0b-94d9-3022805d6453
|
| 040 |
|
|
|a SNKBUCL
|b slo
|c SNKBUCL
|e AACR2
|
| 041 |
0 |
|
|a slo
|
| 044 |
|
|
|a xo
|c SK
|
| 100 |
1 |
|
|a Žabka, Alexander,
|d 1925-2000
|4 aut
|9 140762
|
| 245 |
1 |
0 |
|a VÝSKYTY ASFALTU A ASFALTOVÝCH IMPREGNÁCIÍ V HORNINÁCH CENTRÁLNEJ ČASTI ZÁPADNÝCH KARPÁT
|c Alexander Žabka, Magda Žabková
|
| 700 |
1 |
|
|a Žabková, Magda
|4 aut
|9 1157618
|
| 773 |
0 |
|
|t Geologické práce : správy
|g Roč. 14, č. 14 (1958), s. 158-164
|
| 954 |
|
|
|a odborná, vedecká literatúra pôvodná (slovenská)
|2 lita
|
| 958 |
|
|
|a OND
|
| 958 |
|
|
|a EUIPO
|
| 958 |
|
|
|a article5
|
| 999 |
|
|
|c 1968484
|d 1970414
|